000 00350pab a2200157 454500
008 180718b1999 xxu||||| |||| 00| 0 eng d
100 _aSaxena, Nitin
245 _aConsumer is the master
260 _c1999
300 _ap.7
362 _a12 Jun
650 _aConsumption
650 _aConsumer protection
773 _aPioneer
909 _a42337
999 _c42337
_d42337